REBUS Joueur de foot 2 - Statistiques

Statistiques générales
  • Ce quiz a été pris 459 fois
  • Le résultat moyen est 5 sur 8
Statistiques - réponses
Par images Réponse % Correct
Barcola
92%
Deschamps
88%
Vinicius
82%
Benzema
79%
Jesus
61%
Thuram
58%
Grealish
43%
Martinez
43%
Aucun quiz correspondant
Distribution des résultats
% des personnes avec chaque résultat
Percentile par nombre de réponses
Votre historique - résultats
Vous n’avez pas pris ce quiz